000 00825nam a2200265Ia 4500
003 OSt
005 20220930091913.0
006 a|||||r|||| 00| 0
007 ta
008 220926b |||||||| |||| 00| 0 eng d
024 _a10831
037 _cTheses
040 _aCRL
_cCRL
_beng
041 _2eng
_aeng
100 _aKapur Shweta Au.
_9547114
110 _aUniversity of Delhi. Faculty of Science. Department of Psychology
_9547115
245 0 _aEnhancing organizational performance
_b A positive psychological perspective
260 _c2013
300 _a242p.
_ap.
_ccm.
650 _aPSYCHOLOGY
700 _a Pant Neera Gu.
_9547116
700 _aUniversity of Delhi. Faculty of Science. Department of Psychology
_9547117
942 _cDIS
_2CC
999 _c882859
_d882859